Adèle - Chansons de l'album 19 - Statistiques

Statistiques générales
  • Ce quiz a été pris 11 fois
  • Le résultat moyen est 6 sur 12
Statistiques - réponses
Hint Réponse % Correct
19 3 Chasing Pavements
80%
19 2 Best for Last
60%
19 1 Daydreamer
60%
1 7 First Love
60%
1 12 Hometown Glory
60%
1 9 Make You Feel My Love
60%
19 4 Cold Shoulder
40%
19 5 Crazy for You
40%
19 6 Melt My Heart to Stone
40%
1 8 Right as Rain
40%
1 10 My Same
20%
1 11 Tired
20%
Aucun quiz correspondant
Distribution des résultats
% des personnes avec chaque résultat
Percentile par nombre de réponses
Votre historique - résultats
Vous n’avez pas pris ce quiz